| 000 | 00474 a2200097 4500 | ||
|---|---|---|---|
| 245 | 0 | 0 |
_aWyroby elektrotechniczne - Klasyfikacja warunków środowiskowych. Klasyfikacja grup czynników środowiskowych i ich ostrości. Urządzenia w pojazdach naziemnych PN-88/E-04555.35 / _cInstytut Elektrotechniki Wrocław. |
| 246 | 1 | 3 | _aPN-88/E-04555.35 |
| 246 | 1 | 3 | _a621.3.002.6.620.193.001.33 |
| 260 |
_aWarszawa : _bInstytut Elektrotechniki Wrocław, _c1988. |
||
| 300 |
_a17 stron ; _c30 cm. |
||
| 650 | _aPolska norma | ||
| 999 |
_c20585 _d20585 |
||